00467Cam#a22001575a#4500003000900000008004100009040001800050041000800068080001000076100002200086110004900108245006800157260004500225300002700270653001200297AR-RoUNA140529||||||||||||||||| |||| 0|||| d aAR-RoUNAbspa aspa a691.61 aPetracca, Antonio2 aCámara del vidrio plano y sus manufacturas aManual de colocación del vidrio plano para la construcción  aBuenos Aires :bCamara Del Vidrio,c1982 a87 p. :bdib.bfiguras aVidrios